De vers et de prose : poésie /

Saved in:
நூற்பட்டியல் விவரங்கள்
மற்ற எழுத்தாளர்கள்: Roy, Réjean, 1964-, Ayers, Alain, 1970-
வடிவம்: புத்தகம்
மொழி:French
வெளியீடப்பட்டது: Montréal : L'Arc-en-ciel littéraire, c2011.
பகுதிகள்:
குறியீடுகள்: குறிச்சொல் இணை
குறியீடுகள் இல்லை, இந்த குறிச்சொல்லை முதலில் பதிவு செய்யுங்கள்!
LEADER 00825nam a2200253Ia 4500
001 012929357-1
005 20111122105902.0
008 110923s2011 quc 000 p fre d
020 |a 9782923815046 
020 |a 2923815041 
035 0 |a ocn754186831 
040 |a UAU  |c UAU 
050 4 |a PQ3914  |b .D43 2011 
055 8 |a PS9295.5.Q3  |b D4 2011  |2 fcps 
245 0 0 |a De vers et de prose :  |b poésie /  |c sous la direction littéraire de Réjean Roy ; avec la participation de Alain Ayers ... [et al.]. 
260 |a Montréal :  |b L'Arc-en-ciel littéraire,  |c c2011. 
300 |a 183 p. ;  |c 23 cm. 
650 0 |a French-Canadian poetry  |z Québec (Province) 
650 0 |a French-Canadian poetry  |y 21st century. 
700 1 |a Roy, Réjean,  |d 1964- 
700 1 |a Ayers, Alain,  |d 1970- 
899 |a 415_565459 
988 |a 20111007 
906 |0 OCLC